000 00674cam a22002411 4500
001 sa 68013088
003 DLC
005 20260227112619.0
008 711115s1967 ii abc 000 0 eng
010 _asa 68013088
025 _aPL480:I-E-10134
040 _aDLC
_cDLC
_dDLC
043 _aa-ii---
050 0 0 _aHD9116.I4
_bD4
082 0 0 _a338.1/7/3610954742
110 2 _aDeccan Sugar Factories Association.
245 1 0 _aSilver jubilee souvenir.
260 _a[Bombay,
_c1967]
300 _a164, xvi p.
_billus. (part col.), maps, ports.
_c25 cm.
500 _aCover-title.
650 0 _aSugar trade
_zIndia.
650 0 _aSugar
_xManufacture and refining
_zIndia.
999 _c84935
_d84935